<?xml version="1.0" encoding="UTF-8"?>
<record
    xmlns:xsi="http://www.w3.org/2001/XMLSchema-instance"
    xsi:schemaLocation="http://www.loc.gov/MARC21/slim http://www.loc.gov/standards/marcxml/schema/MARC21slim.xsd"
    xmlns="http://www.loc.gov/MARC21/slim">

  <leader>01162nam a2200301 a 4500</leader>
  <controlfield tag="001"> </controlfield>
  <controlfield tag="003">OSt</controlfield>
  <controlfield tag="005">20240409073645.0</controlfield>
  <controlfield tag="008">100909s2019   dr            001 0 spa d</controlfield>
  <datafield tag="020" ind1=" " ind2=" ">
    <subfield code="a"> 9789945613247</subfield>
  </datafield>
  <datafield tag="040" ind1=" " ind2=" ">
    <subfield code="a">DO-SdBNP</subfield>
    <subfield code="b">spa</subfield>
    <subfield code="c">BNPHU</subfield>
  </datafield>
  <datafield tag="082" ind1=" " ind2="4">
    <subfield code="a">809</subfield>
    <subfield code="b">A451j</subfield>
    <subfield code="2">22</subfield>
  </datafield>
  <datafield tag="100" ind1="1" ind2=" ">
    <subfield code="a">Almoina, Jos&#xE9;,</subfield>
    <subfield code="d">1903-1960.</subfield>
    <subfield code="9">1865</subfield>
  </datafield>
  <datafield tag="245" ind1="1" ind2="4">
    <subfield code="a">Jos&#xE9; Almoina y sus art&#xED;culos publicados durante el exilio en Rep&#xFA;blica Dominicana /</subfield>
    <subfield code="b"> </subfield>
    <subfield code="c">Jos&#xE9; Almoina.; compilador Constancio Cass&#xE1; Bernaldo de Quir&#xF3;s.</subfield>
  </datafield>
  <datafield tag="260" ind1=" " ind2=" ">
    <subfield code="a">Santo Domingo :</subfield>
    <subfield code="b">Archivo General de la Naci&#xF3;n, </subfield>
    <subfield code="c">2019</subfield>
  </datafield>
  <datafield tag="300" ind1=" " ind2=" ">
    <subfield code="a">360 p. :</subfield>
    <subfield code="b">ils., fots.;</subfield>
    <subfield code="c">23 cm.</subfield>
  </datafield>
  <datafield tag="490" ind1="1" ind2=" ">
    <subfield code="a">Archivo General de la Naci&#xF3;n</subfield>
    <subfield code="v">360</subfield>
  </datafield>
  <datafield tag="500" ind1=" " ind2=" ">
    <subfield code="a"> </subfield>
  </datafield>
  <datafield tag="504" ind1=" " ind2=" ">
    <subfield code="a"> </subfield>
  </datafield>
  <datafield tag="590" ind1=" " ind2=" ">
    <subfield code="a">Inventariado, 2020/VM</subfield>
  </datafield>
  <datafield tag="600" ind1="1" ind2="4">
    <subfield code="a">Almoina, Jos&#xE9; </subfield>
    <subfield code="d">1903-1960- </subfield>
    <subfield code="v">Ensayos, conferencias, etc.</subfield>
    <subfield code="9">77517</subfield>
  </datafield>
  <datafield tag="650" ind1=" " ind2="4">
    <subfield code="a">Literatura espa&#xF1;ola</subfield>
    <subfield code="9">631</subfield>
    <subfield code="v">Ensayos, conferencias, etc.</subfield>
  </datafield>
  <datafield tag="700" ind1="1" ind2=" ">
    <subfield code="a">Cass&#xE1; Bernaldo de Quir&#xF3;s, Constancio, </subfield>
    <subfield code="9">75865</subfield>
    <subfield code="e">compilador </subfield>
  </datafield>
  <datafield tag="711" ind1="2" ind2=" ">
    <subfield code="a">Feria del libro de Madrid </subfield>
    <subfield code="9">77518</subfield>
    <subfield code="c"> </subfield>
    <subfield code="d">(18a: )</subfield>
  </datafield>
  <datafield tag="830" ind1=" " ind2="0">
    <subfield code="a">Archivo General de la Naci&#xF3;n</subfield>
    <subfield code="n">360</subfield>
    <subfield code="9">77519</subfield>
  </datafield>
  <datafield tag="910" ind1=" " ind2=" ">
    <subfield code="a">VMateo /Validado. Control de caliad MFF</subfield>
  </datafield>
  <datafield tag="942" ind1=" " ind2=" ">
    <subfield code="2">ddc</subfield>
    <subfield code="c">LBS1</subfield>
  </datafield>
  <datafield tag="952" ind1=" " ind2=" ">
    <subfield code="0">0</subfield>
    <subfield code="1">0</subfield>
    <subfield code="2">ddc</subfield>
    <subfield code="5">1</subfield>
    <subfield code="7">1</subfield>
    <subfield code="8">PD</subfield>
    <subfield code="a">BNPHU</subfield>
    <subfield code="b">PD</subfield>
    <subfield code="c">HD</subfield>
    <subfield code="d">2020-12-04</subfield>
    <subfield code="e">Archivo General de la Naci&#xF3;n </subfield>
    <subfield code="l">0</subfield>
    <subfield code="o">BNPHU PD 809 A451j</subfield>
    <subfield code="p">2020-0621</subfield>
    <subfield code="r">2020-12-04</subfield>
    <subfield code="w">2020-12-04</subfield>
    <subfield code="y">LFPD</subfield>
  </datafield>
  <datafield tag="952" ind1=" " ind2=" ">
    <subfield code="0">0</subfield>
    <subfield code="1">0</subfield>
    <subfield code="2">ddc</subfield>
    <subfield code="5">1</subfield>
    <subfield code="7">2</subfield>
    <subfield code="8">PD</subfield>
    <subfield code="a">BNPHU</subfield>
    <subfield code="b">PD</subfield>
    <subfield code="c">HD</subfield>
    <subfield code="d">2020-12-04</subfield>
    <subfield code="e">Archivo General de la Naci&#xF3;n </subfield>
    <subfield code="l">0</subfield>
    <subfield code="o">BNPHU PD 809 A451j</subfield>
    <subfield code="p">2020-0622</subfield>
    <subfield code="r">2020-12-04</subfield>
    <subfield code="t">e.2</subfield>
    <subfield code="w">2020-12-04</subfield>
    <subfield code="y">LFPD</subfield>
  </datafield>
  <datafield tag="952" ind1=" " ind2=" ">
    <subfield code="0">0</subfield>
    <subfield code="1">0</subfield>
    <subfield code="2">ddc</subfield>
    <subfield code="5">6</subfield>
    <subfield code="7">0</subfield>
    <subfield code="8">DS</subfield>
    <subfield code="a">BNPHU</subfield>
    <subfield code="b">GR</subfield>
    <subfield code="c">HD</subfield>
    <subfield code="d">2020-12-04</subfield>
    <subfield code="e">Editora B&#xFA;ho </subfield>
    <subfield code="l">0</subfield>
    <subfield code="o">BNPHU DS 809 A451j</subfield>
    <subfield code="p">2020-0623</subfield>
    <subfield code="r">2020-12-04</subfield>
    <subfield code="t">e.3</subfield>
    <subfield code="w">2020-12-04</subfield>
    <subfield code="y">LFDS</subfield>
  </datafield>
  <datafield tag="952" ind1=" " ind2=" ">
    <subfield code="0">0</subfield>
    <subfield code="1">0</subfield>
    <subfield code="2">ddc</subfield>
    <subfield code="5">6</subfield>
    <subfield code="7">0</subfield>
    <subfield code="8">DS</subfield>
    <subfield code="a">BNPHU</subfield>
    <subfield code="b">GR</subfield>
    <subfield code="c">HD</subfield>
    <subfield code="d">2020-12-04</subfield>
    <subfield code="e">Editora B&#xFA;ho </subfield>
    <subfield code="l">0</subfield>
    <subfield code="o">BNPHU DS 809 A451j</subfield>
    <subfield code="p">2020-0624</subfield>
    <subfield code="r">2020-12-04</subfield>
    <subfield code="t">e.4</subfield>
    <subfield code="w">2020-12-04</subfield>
    <subfield code="y">LFDS</subfield>
  </datafield>
  <datafield tag="999" ind1=" " ind2=" ">
    <subfield code="c">49237</subfield>
    <subfield code="d">49237</subfield>
  </datafield>
</record>
